ENGINEERING MECHANICS STATICS & DYNAMICS (Record no. 24990)

MARC details
000 -LEADER
fixed length control field 00341nam a22001457a 4500
003 - CONTROL NUMBER IDENTIFIER
control field SGT
020 ## - INTERNATIONAL STANDARD BOOK NUMBER
International Standard Book Number 9789332584747
082 ## - DEWEY DECIMAL CLASSIFICATION NUMBER
Classification number 620.1054,HIB
100 ## - MAIN ENTRY--PERSONAL NAME
Personal name HIBBELER,R.C.
245 ## - TITLE STATEMENT
Title ENGINEERING MECHANICS STATICS & DYNAMICS
260 ## - PUBLICATION, DISTRIBUTION, ETC. (IMPRINT)
Place of publication, distribution, etc INDIA
Name of publisher, distributor, etc PEARSON
Year of Publication 2022
300 ## - PAGE DESCRIPTION
No. of Pages 1301
650 ## - SUBJECT ADDED ENTRY--TOPICAL TERM
Topical term or geographic name as entry element MECHANICAL ENGINEERING
942 ## - ADDED ENTRY ELEMENTS (KOHA)
Source of classification or shelving scheme Dewey Decimal Classification
Koha item type Books
Holdings
Withdrawn status Lost status Source of classification or shelving scheme Damaged status Use restrictions Not for loan Collection code Home library Current library Shelving location Date acquired Vendor Name Cost, normal purchase price SGTU Bill Number Full call number Accession No. (Barcode) Date last seen Bill Date Koha item type Total Checkouts
    Dewey Decimal Classification   Restricted Access   ENGINEERING SGT Engineering Library SGT Engineering Library Reference Book 06/09/2023 AHUJA BOOK COMPANY 995.00 SGTU 16906 620.1054,HIB FE8730 06/09/2023 16/06/2023 Books  
    Dewey Decimal Classification       ENGINEERING SGT Engineering Library SGT Engineering Library Text Book 06/09/2023 AHUJA BOOK COMPANY 995.00 SGTU 16906 620.1054,HIB FE8731 06/09/2023 16/06/2023 Books  
    Dewey Decimal Classification       ENGINEERING SGT Engineering Library SGT Engineering Library Text Book 06/09/2023 AHUJA BOOK COMPANY 995.00 SGTU 16906 620.1054,HIB FE8732 06/09/2023 16/06/2023 Books